Η αυτοεκτίμηση : θεωρία και αξιολόγηση

Αποθηκεύτηκε σε:
Λεπτομέρειες βιβλιογραφικής εγγραφής
Κύριος συγγραφέας: Παπάνης, Ευστράτιος Π., 1969-
Μορφή: Βιβλίο
Γλώσσα:Greek
Δημοσίευση: Αθήνα : Ι. Σιδέρης, 2011.
Θέματα:
Ετικέτες: Προσθήκη ετικέτας
Δεν υπάρχουν, Καταχωρήστε ετικέτα πρώτοι!

MARC

LEADER 00000nam a2200000 a 4500
001 1/111279
008 160706s2011####gr | ||| |||| ||gre||
020 |a 9789600805161 
040 |a GR-MyUa  |b gre  |c GR-MyUa  |e AACR2 
041 0 |a gre 
082 7 |a 155.2   |2 (23)  
100 1 |a Παπάνης, Ευστράτιος Π.,   |d 1969- 
245 1 2 |a Η αυτοεκτίμηση :   |b θεωρία και αξιολόγηση /   |c Ευστράτιος Παπάνης.  
260 |a Αθήνα :   |b Ι. Σιδέρης,   |c 2011.  
300 |a 368 σ. ;   |c 24 εκ.  
504 |a Περιλαμβάνει βιβλιογραφία.  
650 0 |a Self-esteem. 
650 0 |a Self-esteem  |x Research. 
852 |a INST  |b LESVOS  |c EUDOXUS  |e 20160706  |h 155.2 ΠΑΠ  |p 005100058476  |q 005100058476  |t EDX  |y 0 
920 |a Εύδοξος  |b Παραγγελία  |y Λέσβος-ΤΚ  |z 2016-04 
970 |a Τζαφέρη  |b Ευαγγελία  |z 06-07-2016